000 00553nam a22001697a 4500
005 20260108154124.0
008 260108b |||||||| |||| 00| 0 eng d
020 _a978-178583601-5
100 _aMUNBY, STEVE
245 _aIMPERFECT LEADERSHIP IN ACTION
_bA PRATCTICAL BOOK FOR SCHOOL LEADERS WHO KNOW THEY DONT KNOW IT ALL
260 _aWALES
_bCROWN HOUSE PUBLISHING
_c2022
300 _aXVI, 238P.
500 _aINCLUDES BIBLIOGRAPHICAL REFERENCES
650 _a1.EDUCATIONAL LEADERSHIP
700 _aBRETHERTON, MARIE-CLAIRE
942 _2lcc
_cBK
999 _c216433
_d216433